The Vampire Diaries - Statistics

Estatísticas Gerais
  • Esse quiz foi jogado 160 vezes
  • A pontuação média é 11 de 15
Estatísticas das Respostas
Hint Resposta % Correto
The Vampire Diaries tem quantas temporadas? 8
99%
Quem conhece Elena primeiro? Damon
96%
Quem é a duplicata de Katherine? Elena
93%
Quem foi o primeiro namorado de Elena? Matt
90%
Por quem Damon esperou por anos? Katherine
88%
Qual o sobrenome de Elena? Gilbert
87%
Na última temporada, quem mata Katherine? Stefan
87%
Quem transforma Stefan em humano novamente? Bonnie
81%
Quem apaga a memoria de Elena? Alaric
79%
Quem se tornou o primeiro Híbrido transformado por Klaus? Tyler
79%
Qual o nome (apelido) da primeira namorada de Jeremy? Vicck
73%
Quem foi a primeira duplicata feminina? Amara
69%
A caçadora(o) mais temida pelos Hereges é? Rayna
55%
Qual o nome da espada de Rayna? Fénix
13%
Quando Bonnie volta do inferno pessoal quem vem com ela? Jo
3%
Nenhum quiz correspondente encontrado
Distribuição das Pontuações
Porcentagem de Pessoas com Cada Pontuação
Percentil de Números Respondidos
Sua Pontuação Histórica
Você não jogou esse quiz